Howard Basketball: Top 10 All-Time Leaders - Statistics

General Stats
  • This quiz has been taken 1 time
  • The average score is 22 of 92
Answer Stats
Category # Player Amount % Correct
Points 1 Charles Williams 2,404
100%
Three Pointers Made 2 Charles Williams 248
100%
Field Goal Percent 10 Charles Williams 42.6%
100%
Points Per Game 4 Charles Williams 18.1
100%
Games 1 Charles Williams 133
100%
Games 8 Jalen Jones 120
100%
Points Per Game 5 Kyle Williams 17.0
100%
Rebounds 2 Marcel Boyd 760
100%
Blocks 2 Marcel Boyd 126
100%
Games T5 Marcel Boyd 123
100%
Assists 1 Milan Brown 445
100%
Steals T7 Milan Brown 126
100%
Three Pointers Made 9 Milan Brown 156
100%
Points 10 Robert Lewis 1,317
100%
Field Goal Percent 5 Robert Lewis 48.2%
100%
Points Per Game 7 Robert Lewis 16.3
100%
Points 7 Ron Williamson 1,536
100%
Steals 5 Ron Williamson 134
100%
Three Pointers Made 1 Ron Williamson 255
100%
Points Per Game 9 Ron Williamson 15.4
100%
Assists 5 Tommy Brown 360
100%
Steals T7 Tommy Brown 126
100%
Blocks 8 Adam Walker 85
0%
Assists 2 Ali Abdullah 435
0%
Steals 3 Ali Abdullah 158
0%
Blocks 9 Alphonso Leary 75
0%
Points 6 Bernard Perry 1,549
0%
Field Goal Percent 4 Bernard Perry 48.9%
0%
Steals 10 Damon Collins 118
0%
Games T5 Damon Collins 123
0%
Three Pointers Made 5 Darek Mitchell 198
0%
Games T10 Darryl Hudson 116
0%
Games T10 Derek Caracciolo 116
0%
Rebounds 10 Dorian Dent 673
0%
Assists 7 Elijah Hawkins 342
0%
Assists 6 Fred Hill 359
0%
Steals 6 Fred Hill 127
0%
Field Goal Percent 9 Fred Hill 44.7%
0%
Points 9 George Hamilton 1,415
0%
Assists 8 George Hamilton 235
0%
Steals 2 George Hamilton 195
0%
Field Goal Percent 7 George Hamilton 46.9%
0%
Points 3 Gerald Glover 1,712
0%
Rebounds 1 Gerald Glover 892
0%
Field Goal Percent 2 Gerald Glover 50.1%
0%
Points Per Game 6 Gerald Glover 16.3
0%
Blocks 1 Grady Livingston 156
0%
Points 2 James Daniel 1,933
0%
Assists 10 James Daniel 217
0%
Steals 4 James Daniel 154
0%
Three Pointers Made 3 James Daniel 245
0%
Points Per Game 2 James Daniel 21.5
0%
Points 5 James Ratiff 1,588
0%
Rebounds 4 James Ratiff 734
0%
Field Goal Percent 6 James Ratiff 47.7%
0%
Points Per Game 3 James Ratiff 19.4
0%
Rebounds 8 John Spencer 692
0%
Blocks 10 Kandi Mukole 74
0%
Games T3 Kandi Mukole 124
0%
Three Pointers Made 4 Kyle Foster 237
0%
Games 9 Kyle Foster 118
0%
Blocks 6 Landreth Baugh 90
0%
Rebounds 5 Larry Spriggs 722
0%
Field Goal Percent 1 Larry Spriggs 52.1%
0%
Points Per Game 10 Larry Spriggs 14.9
0%
Assists 3 Louis Ford 431
0%
Steals 1 Louis Ford 238
0%
Three Pointers Made 8 Marcus Dockery 163
0%
Rebounds 7 Marcus Nettles 703
0%
Rebounds 3 Mike Phillips 741
0%
Games 7 Mike Phillips 121
0%
Three Pointers Made 10 Milton Bynum 149
0%
Blocks 3 Oliver Ellison 102
0%
Blocks 7 Paul Kirkpatrick 88
0%
Games T3 Paul Kirkpatrick 124
0%
Points 8 R.J. Cole 1,510
0%
Assists 4 R.J. Cole 418
0%
Steals 9 R.J. Cole 121
0%
Three Pointers Made 6 R.J. Cole 193
0%
Points Per Game 1 R.J. Cole 22.5
0%
Games T10 Seye Aluko 116
0%
Blocks 4 Tyler Stone 100
0%
Games 2 Tyler Stone 128
0%
Rebounds 6 Tyrone Powell 708
0%
Field Goal Percent 3 Tyrone Powell 49.8%
0%
Points 4 Vadnay Cotton 1,646
0%
Field Goal Percent 8 Vadnay Cotton 46.8%
0%
Points Per Game 8 Vadnay Cotton 16.0
0%
Three Pointers Made 7 Will Gant 187
0%
Assists 9 William Stuart 222
0%
Rebounds 9 Zion Cousins 680
0%
Blocks 5 Zion Cousins 99
0%
No matching quizzes found
Score Distribution
Percent of People with Each Score
Percentile by Number Answered
Your Score History
You have not taken this quiz